Manažment a marketing cestovného ruchu
Enregistré dans:
| Auteur principal: | |
|---|---|
| Autres auteurs: | |
| Format: | Livre |
| Langue: | slovaque |
| Publié: |
Žilina
Súkromná obchodná akadémia
2000
|
| Sujets: | |
| Tags: |
Pas de tags, Soyez le premier à ajouter un tag!
|
MARC
| LEADER | 00000nam a2200000 4500 | ||
|---|---|---|---|
| 001 | 0130413 | ||
| 005 | 20240502072508.4 | ||
| 041 | 0 | |a slo | |
| 044 | |a SK | ||
| 245 | 1 | 0 | |a Manažment a marketing cestovného ruchu |c Viera Kubičková, Richard Mühl |
| 264 | 1 | |a Žilina |b Súkromná obchodná akadémia |c 2000 | |
| 300 | |a 131 s. | ||
| 610 | 2 | 0 | |a ruch cestovný |
| 610 | 2 | 0 | |a manažment |
| 610 | 2 | 0 | |a marketing |
| 100 | 1 | |a Kubičková, Viera, 1970- | |
| 700 | 1 | |a Mühl, Richard | |